US Presidents: Who Was First? Quiz Stats

 Plays Quiz Updated Nov 3, 2017

Challenge
Share
Tweet
Embed
Score 0/21 Timer 03:00
0 Plays Today
A President % Correct
George Washington???
97.7%
Ronald Reagan???
97.7%
John F. Kennedy???
91.1%
James Madison???
86.6%
George W. Bush???
84.8%
Franklin D. Roosevelt???
83.8%
Gerald Ford???
81%
Andrew Johnson???
79.1%
Richard Nixon???
75.2%
Chester A. Arthur???
70.7%
William McKinley???
69.9%
A President % Correct
Herbert Hoover???
68.5%
Woodrow Wilson???
65.7%
John Quincy Adams???
65.5%
Martin Van Buren???
65.3%
Abraham Lincoln???
62.4%
Rutherford B. Hayes???
60.1%
John Tyler???
59.1%
William Taft???
57.3%
James K. Polk???
54.5%
Franklin Pierce???
52%

You're not logged in!

Compare scores with friends on all Sporcle quizzes.
OR
Log In

You Might Also Like...

Show Comments

Extras

Top Quizzes Today


Score Distribution

Your Account Isn't Verified!

In order to create a playlist on Sporcle, you need to verify the email address you used during registration. Go to your Sporcle Settings to finish the process.

Report this User

Report this user for behavior that violates our Community Guidelines.

Details: